| 000 | 00553nam a22001697a 4500 | ||
|---|---|---|---|
| 999 |
_c18517 _d18517 |
||
| 008 | 231128b ||||| |||| 00| 0 eng d | ||
| 020 | _a9781982137274 | ||
| 082 |
_22020 _aDC 158 _bC838 |
||
| 100 |
_aCovey, Stephen R. _950200 |
||
| 245 |
_aThe 7 habits of highly effective people / _cStephen R. Covey. |
||
| 260 |
_aNew York : _bSimon & schuster, _c©2020. |
||
| 300 |
_axvi, 440 pages : _billustrations ; _c21 cm. |
||
| 500 | _aIncludes index. | ||
| 650 |
_aSuccess _xPsychological aspects. _950236 |
||
| 650 |
_aCharacter. _950237 |
||
| 942 |
_2ddc _cDC |
||